Europäische Geschichte nach Buchstaben - P - Statistiken

Allgemein
  • Dieses Quiz wurde 73 mal gespielt
  • Das Durchschnittsergebnis liegt bei 11 aus 20
Antwortstatistiken
Hinwei Antwort % Korrekt
In dieser Stadt fand mit dem Sturm auf die Bastille ein Schlüsselereignis der Französischen Revolution statt Paris
92%
Mit dem deutschen Überfall auf dieses Land 1939 beginnt der Zweite Weltkrieg in Europa Polen
91%
Die König dieses Staates ließ sich 1871 zum Deutschen Kaiser krönen Preußen
88%
Dieses Land erschloss im 15. Jahrhundert durch Seefahrer wie Vasco da Gama neue Handelswege nach Asien Portugal
85%
Zar Russlands (1682-1721), der das Land reformierte, den Großen Nordischen Krieg gewann und eine neue Hauptstadt an der Newamündung gründete Peter der Große
83%
Antike Römerstadt, die durch einen Ausbruch des Vesuvs untergang, aber auch für die Nachwelt konserviert wurde Pompeji
77%
In dieser Stadt wurde im Schloss Cecilienhof die Deutsche Aufteilung in Besatzungszonen durch die Siegermächte beschlossen Potsdam
75%
Apostel, der die ersten christlichen Gemeinden Europas gründete und ihnen in der Bibel überlieferte Briefe schrieb Paulus von Tarsus
74%
Griechischer Mathematiker und Philosoph der Antike (a²+b²=c²) Pythagoras
68%
Venezianischer Kaufmann, dessen Reisebericht vom Hof Kublai Khans in Europa große Wellen schlug Marco Polo
60%
Schlagwort der Reformen Gorbatschows hin zu einer Demokratie und Marktwirtschaft Perestroika
49%
Sozialdemokratischer Ministerpräsident Schwedens (1969–1976 und 1982–1986), der bei einem Attentat ermordet wurde Olof Palme
46%
Volk, welches in der Antike im heutigen Schottland lebte und durch ihre Gesichtsbemalung bekannt ist Pikten
42%
Griechischer Begriff für Stadt bzw. Staat der Antike Polis
38%
Bezeichnug für die verschiedenen Paläste, die von deutschen Reisekaisern genutzt wurden, aus dem die Bezeichnung für ein Kurfürstentum entstand Pfalz
35%
Renaissance-Papst, Kaiserlicher Sekretär. umtriebiger Kommentator und Schriftsteller u.a. erotischer Literatur Silvio Enneas Piccolomini (Pius II)
34%
Diese Stangenwaffe wurde in der Antike von der Armeen Alexander des Großen verwendet und erlebte im Spätmittelalter eine Renaissance u.a. durch Schweizer Söldner Pike
28%
Bezeichnung für diesen Krieg zwischen Athen und Sparta von 431 bis 401 v. Chr. Peloponnesischer Krieg
25%
Bedeutender Politiker Athens zur Zeit des Attischen Seebunds, der den Bau des Partheons und den Konflikt mit Sparta gefördert hat Perikles
25%
Persönliche Leibwache und häufig Mörder römischer Kaiser Prätorianer
17%
Keine übereinstimmenden Quizze gefunden
Verteilung der Resultate
Anzahl Personen mit jedem Resultat
Perzentil nach korrekt beantworteten Fragen
Ihre Resultats-Entwicklung
Sie haben dieses Quiz noch nicht gespielt